000 00837nam a2200229Ia 4500
001 21735
005 20260407113823.0
008 260320s9999||||xx |||||||||||||| ||und||
020 _a9798642649534
041 _aESP
082 _a005.133
_bP87
110 _aProgramming Languages Academy
245 0 _aPython para principiantes :
_b2 libros en 1 : programación de Python para principiantes; libro de trabajo Python
260 _a[Italia] :
_bProgramming Languages Academy,
_c2020
300 _a234 páginas :
_btablas ;
_c23 cm.
500 _a(Ciudad: [Italia] tomado del catálogo WorldCat)
650 _aGEN
653 _aPython (Lenguaje de programación)
654 _aCCC
856 _uhttps://ebooks-editorialmacro-com.ucsp.lookproxy.com/library
_zVéase además: Base de datos Macro Digital
942 _cLIB
_dJUS
_fMAT
_2ddc
999 _c21735
_d21735